000 01001nam a22003137a 4500
003 CHAP
005 20220329135932.0
008 971013s1966 r 00010 d
010 _a44326
011 _a45298
035 _a49437
040 _cCHAP
082 _a636.50824
_bC6
100 0 0 _aTaylor, Lewis W.
_9111816
245 _aSelección de gallinas para la producción de huevos
260 _aBarcelona :
_bGea,
_c1966
300 _app. 55-108
_b: ilus.
501 _aEnc. con : Corominas Cortés, Enrique. La transmisión de ...
590 _aBATCH-UPD
_b10
_c20130110
_lUCH01
_h0136
590 _aBATCH-UPD
_b10
_c20130110
_lUCH01
_h1733
590 _aBATCH-UPD
_b10
_c20130410
_lUCH01
_h1114
590 _aBATCH-UPD
_b10
_c20130914
_lUCH01
_h0445
590 _aCONVERSION
_b10
_c20130109
_lUCH01
_h1324
650 1 4 _aAves de corral
_xGenética.
_98650
650 1 4 _aHuevos
_xProducción.
_956759
901 _aBK
942 _cLIBRO
949 _a636.50824 C6
_bBC
_cLIBRO
_d-111518
_eLIBRO
_i49437
_si
999 _c44326
_d44326